| 000 | 00942nam a2200301 a 4500 | ||
|---|---|---|---|
| 001 | 40704 | ||
| 003 | BD-RjUL | ||
| 005 | 20211209053252.0 | ||
| 008 | 750725s1975 enk eng c | ||
| 020 | _a0520020871 | ||
| 035 | _aMITb10009540 | ||
| 035 | _a(BD-RjUL)40819 | ||
| 040 |
_aSmith College _beng _cBD-RjUL |
||
| 041 | _aeng | ||
| 082 |
_223 _a324.2663 _bSCP 1975 |
||
| 090 |
_aJQ3396.A5 _bS3 |
||
| 099 | _aJQ3396.A5.S3 | ||
| 100 | 1 | 0 |
_aSchumacher, Edward J. _9125235 |
| 245 | 1 | 0 |
_aPolitics, bureaucracy and rural development in Senegal / _cEdward J. Schumacher. |
| 260 |
_aBerkeley : _bUniversity of California Press, _c1975. |
||
| 300 |
_axxi, 279 p. : _bmap ; _c24 cm. |
||
| 500 | _aIncludes index. | ||
| 504 | _aBibliography: p. 269-273. | ||
| 650 | 0 |
_aPolitical parties _zSenegal. _9125236 |
|
| 650 | 0 |
_aAgriculture and state _zSenegal. _9125237 |
|
| 651 | 0 |
_aSenegal _xPolitics and government. _9125238 |
|
| 942 |
_2ddc _cBK |
||
| 999 |
_c40704 _d40704 |
||